00777nam a2200193 a 4500003000200000005001700002008004100019050002900060100003700089245010200126260009300228300004600321504004100367650003800408650003000446650003400476650004100510650003200551020250307104158.0090707s19uu xx 00 eng d aPGS HQ 1064b.AL445 2009 aAlmanzor, Freya Althea Maxine D. aLength of stay and contentment of the elderly in Golden Acres /cFreya Althea Maxine D. Almanzor. aLas Piñas City, Philippines : bSouthville International School and Colleges, c2009. a29 pages : billustrations ; c28 cm.  aIncludes bibliographical references. aOlder peoplevInstitutional care. aOlder peoplevPsychology. aGroup homes for older people. a Nursing home patientsvPsychology.  aOlder peoplevSatisfaction.